The Rewrite Circle/ (Record no. 216407)

MARC details
000 -LEADER
fixed length control field 00525nam a22001937a 4500
005 - DATE AND TIME OF LATEST TRANSACTION
control field 20260529151951.0
010 ## - LCCN (DPL NO)
LC control number ENG-148678
020 ## - INTERNATIONAL STANDARD BOOK NUMBER
International Standard Book Number 9789347590054
Terms of availability 350.00
035 ## - SYSTEM CONTROL NUMBER
System control number EN-132210
037 ## - SOURCE OF ACQUISITION
Source of stock number/acquisition DBAD
082 ## - DEWEY DECIMAL CLASSIFICATION NUMBER
Classification number S
Edition number 1
100 ## - MAIN ENTRY--PERSONAL NAME
Personal name Archana R SIngh
245 ## - TITLE STATEMENT
Title The Rewrite Circle/
Statement of responsibility, etc Archana R Singh
250 ## - EDITION STATEMENT
Edition statement 1
260 ## - PUBLICATION, DISTRIBUTION, ETC. (IMPRINT)
Place of publication, distribution, etc Chandigarh
Name of publisher, distributor, etc The Browser
Date of publication, distribution, etc 2026
270 ## - ADDRESS
City Chandigarh
Address SCO 14-15, Sector 8-C
Postal code 160009
Electronic mail address service@thebrowser.org
300 ## - PHYSICAL DESCRIPTION
Extent 147p.
Dimensions 22cm(pb)
942 ## - ADDED ENTRY ELEMENTS (KOHA)
Source of classification or shelving scheme Dewey Decimal Classification
Item type English Books
Classification part S
Call number suffix ARC
Holdings
Withdrawn status Lost status Not for loan Collection code Home library Current library Date acquired Source of acquisition Cost, normal purchase price Full call number Barcode Copy number Cost, replacement price Koha item type
      Fiction R.K.Puram-8 R.K.Puram-8 29/05/2026 Delivery of Books Act Division 350.00 S ARC EN-132210 1 350.00 English Books

© Delhi Public Library
Hit Counter
free hit counter